| 000 | 00842nam a22002057a 4500 | ||
|---|---|---|---|
| 005 | 2011110205435.0 | ||
| 010 | _aB-444521 | ||
| 020 | _a9781405486613 | ||
| 035 | _aB-444521 | ||
| 037 |
_bBlue Berry/Ven _aDPL |
||
| 082 | _a629.2275 | ||
| 100 |
_aBrown, Roland _937212 |
||
| 245 |
_aClassic Motorbikes ; _cby Roland Brown _bThe world's Greatest Models/ |
||
| 260 |
_aBath _bParragon Books _c2007 |
||
| 270 |
_aQueen Street House, 4 Queen Street Bath BAI IHE _bU.K. |
||
| 300 |
_a192p. _c30cm. |
||
| 942 |
_2ddc _cEN _mBRO _h629.2275 |
||
| 999 |
_c57953 _d57953 |
||